[Event "Catalunya-ch U50"]
[Site "Santa Susanna"]
[Date "2022.05.17"]
[Round "3"]
[White "Brusi Noguera, Ricardo Ll"]
[Black "Burset Camps, Guillem"]
[Result "1-0"]
[WhiteElo "2112"]
[BlackElo "1512"]
[PlyCount "81"]
[EventDate "2022.05.15"]
[EventType "swiss"]
[EventRounds "8"]
[EventCountry "CAT"]
[SourceTitle "EXT 2023"]
[Source "ChessBase"]
[SourceDate "2022.10.05"]
[SourceVersion "1"]
[SourceVersionDate "2022.10.05"]
[SourceQuality "1"]

1. d4 d5 2. Nf3 e6 3. e3 Nf6 4. Bd3 c5 5. 0-0 c4 6. Be2 Be7 7. b3 cxb3 8. axb3 0-0 9. Bb2 Nc6 10. Nbd2 a6 11. c4 b6 12. Ne5 Bd7 13. f4 Ne4 14. Nxe4 dxe4 15. Qc2 f5 16. Nxc6 Bxc6 17. g4 b5 18. Kh1 Kf7 19. gxf5 exf5 20. Rfd1 Qb6 21. d5 Bb7 22. Bd4 Bc5 23. Qc3 b4 24. Qe1 Bxd4 25. Rxd4 a5 26. Qh4 Qf6 27. Qxf6+ Kxf6 28. c5 Ba6 29. Bxa6 Rxa6 30. Rxb4 Rfa8 31. Rb7 R8a7 32. Rxa7 Rxa7 33. b4 a4 34. Ra3 Ke7 35. Kg2 Kd7 36. Kf2 Ra6 37. h4 g6 38. Ke2 Kc7 39. Kd2 Kd7 40. Kc3 Kc7 41. b5 1-0

[Event "Catalunya-ch U50"]
[Site "Santa Susanna"]
[Date "2022.05.16"]
[Round "2"]
[White "Alfara Ayllon, Jose Luis"]
[Black "Brusi Noguera, Ricardo Ll"]
[Result "1/2-1/2"]
[WhiteElo "1930"]
[BlackElo "2112"]
[PlyCount "84"]
[EventDate "2022.05.15"]
[EventType "swiss"]
[EventRounds "8"]
[EventCountry "CAT"]
[SourceTitle "EXT 2023"]
[Source "ChessBase"]
[SourceDate "2022.10.05"]
[SourceVersion "1"]
[SourceVersionDate "2022.10.05"]
[SourceQuality "1"]

1. e4 Nf6 2. e5 Nd5 3. Nc3 e6 4. Nxd5 exd5 5. Nf3 d6 6. d4 Bg4 7. h3 Bh5 8. Be2 Be7 9. 0-0 0-0 10. c3 c6 11. Bf4 Bxf3 12. Bxf3 dxe5 13. dxe5 Na6 14. Qc2 Nc5 15. Rad1 Ne6 16. Bh2 Qb6 17. Bg4 Bg5 18. Kh1 Bf4 19. Bxf4 Nxf4 20. g3 Ng6 21. f4 Rfe8 22. Rde1 Rad8 23. h4 d4 24. h5 Nf8 25. Rf3 c5 26. f5 Qc6 27. Kh2 Rd5 28. e6 fxe6 29. f6 Rd7 30. Ref1 gxf6 31. Rxf6 Qd6 32. Qe4 dxc3 33. Rxf8+ Rxf8 34. Bxe6+ Kh8 35. Rxf8+ Qxf8 36. Bxd7 Qf2+ 37. Kh3 Qf1+ 38. Kh2 Qf2+ 39. Kh3 Qf1+ 40. Kh2 Qf2+ 41. Kh3 Qf1+ 42. Kh2 Qf2+ 1/2-1/2

[Event "Barcelona Seniors 55 op 6th"]
[Site "Barcelona"]
[Date "2019.04.08"]
[Round "6.1"]
[White "Prats Rodriguez, Juan Bosco"]
[Black "Brusi Noguera, Ricardo Ll"]
[Result "1/2-1/2"]
[WhiteElo "1980"]
[BlackElo "2084"]
[PlyCount "55"]
[EventDate "2019.03.04"]
[EventType "swiss"]
[EventRounds "9"]
[EventCountry "ESP"]
[SourceTitle "EXT 2024"]
[Source "ChessBase"]
[SourceDate "2023.10.10"]
[SourceVersion "1"]
[SourceVersionDate "2023.10.10"]
[SourceQuality "1"]

1. e4 c5 2. Nf3 e6 3. d4 cxd4 4. Nxd4 a6 5. Nc3 b5 6. a3 Bb7 7. g3 b4 8. axb4 Bxb4 9. Bg2 Nf6 10. 0-0 0-0 11. Re1 d5 12. exd5 Bxc3 13. bxc3 Bxd5 14. c4 Bxg2 15. Kxg2 Qc8 16. Qf3 Ra7 17. Bf4 Rd7 18. Reb1 Qxc4 19. c3 Rdd8 20. Rb4 Qd5 21. Bxb8 Rxb8 22. Rxb8 Rxb8 23. Rxa6 Qxf3+ 24. Kxf3 h5 25. h3 Nd5 26. c4 Nb4 27. Ra5 Rd8 28. Rb5 1/2-1/2